صراط مستقیم / (Record no. 108915)

MARC details
000 -LEADER
fixed length control field 00734nam a22002417a 4500
005 - DATE AND TIME OF LATEST TRANSACTION
control field 20200214123820.0
010 ## - LCCN (DPL NO)
LC control number 076165
020 ## - INTERNATIONAL STANDARD BOOK NUMBER
Terms of availability 00.00
035 ## - SYSTEM CONTROL NUMBER
System control number 076165
037 ## - SOURCE OF ACQUISITION
Source of stock number/acquisition Cen Lib/Ret
082 ## - DEWEY DECIMAL CLASSIFICATION NUMBER
Classification number 270
100 ## - MAIN ENTRY--PERSONAL NAME
Personal name قدسی، اسد الرحمان
245 ## - TITLE STATEMENT
Title صراط مستقیم /
Statement of responsibility, etc اسد الرحمان قدسی
246 ## - VARYING FORM OF TITLE
Title proper/short title Siraat-E-Mustaqeem /
Remainder of title by Asad-Ur-Rahman Qudsi
260 ## - PUBLICATION, DISTRIBUTION, ETC. (IMPRINT)
Place of publication, distribution, etc دہلی
Name of publisher, distributor, etc مطبوعہ لطیفی برقی پرسش
Date of publication, distribution, etc 1983 ء
270 ## - ADDRESS
City دہلی
300 ## - PHYSICAL DESCRIPTION
Extent 100p.
Dimensions 20cm(Hb)
650 ## - SUBJECT ADDED ENTRY--TOPICAL TERM
Topical term or geographic name as entry element مذہب اسلام
650 ## - SUBJECT ADDED ENTRY--TOPICAL TERM
Topical term or geographic name as entry element اسلامی الہیات
650 ## - SUBJECT ADDED ENTRY--TOPICAL TERM
Topical term or geographic name as entry element Religion -- Islam
650 ## - SUBJECT ADDED ENTRY--TOPICAL TERM
Topical term or geographic name as entry element Islamic theology
942 ## - ADDED ENTRY ELEMENTS (KOHA)
Source of classification or shelving scheme Dewey Decimal Classification
Item type Urdu Bks
Classification part 270
Call number suffix ق د س
Holdings
Withdrawn status Lost status Not for loan Collection code Home library Current library Date acquired Source of acquisition Cost, normal purchase price Full call number Barcode Copy number Cost, replacement price Koha item type
      Non-fiction Central Library Central Library 11/02/2016 Cen Lib/Ret 0.00 270 ق د س 076165 1 0.00 Urdu Bks

© Delhi Public Library
Hit Counter
free hit counter